La virginidad ; (Record n. 20184)
[ formato base ]
| 000 -LEADER | |
|---|---|
| fixed length control field | 01037nam a2200289 i 4500 |
| 003 - CONTROL NUMBER IDENTIFIER | |
| control field | IT-RoINE |
| 005 - DATE AND TIME OF LATEST TRANSACTION | |
| control field | 20200316064619.0 |
| 008 - FIXED-LENGTH DATA ELEMENTS--GENERAL INFORMATION | |
| fixed length control field | 070907s2007 sp | r ||1 ||spa d |
| 020 ## - INTERNATIONAL STANDARD BOOK NUMBER | |
| International Standard Book Number | 9788497151160 |
| 040 ## - CATALOGING SOURCE | |
| Original cataloging agency | SpMaBN |
| Language of cataloging | spa |
| Transcribing agency | IT-RoINE |
| Modifying agency | IT-RoINE |
| 041 1# - LANGUAGE CODE | |
| Language code of text/sound track or separate title | spa |
| Language code of original and/or intermediate translations of text | lat |
| 100 0# - MAIN ENTRY--PERSONAL NAME | |
| 9 (RLIN) | 122 |
| Personal name | Ambrosio, |
| Titles and other words associated with a name | Santo, Obispo de Milán, |
| Dates associated with a name | ca. 340-397 |
| 245 13 - TITLE STATEMENT | |
| Title | La virginidad ; |
| Statement of responsibility, etc | La educación de la virgen ; Exhortación de la virginidad / Ambrosio de Milán ; introducción, traducción y notas de Domingo Ramos-Lissón. |
| 260 ## - PUBLICATION, DISTRIBUTION, ETC. (IMPRINT) | |
| Place of publication, distribution, etc | Madrid : |
| Name of publisher, distributor, etc | Ciudad Nueva, |
| Date of publication, distribution, etc | 2007. |
| 300 ## - PHYSICAL DESCRIPTION | |
| Extent | 367 p. ; |
| Dimensions | 24 cm. |
| 336 ## - CONTENT TYPE | |
| Source | rdacontent |
| Content type term | text |
| 337 ## - MEDIA TYPE | |
| Source | rdamedia |
| Media type term | unmediated |
| 338 ## - CARRIER TYPE | |
| Source | rdacarrier |
| Carrier type term | volume |
| 490 1# - SERIES STATEMENT | |
| Series statement | Fuentes patrísticas ; |
| Volume number/sequential designation | 19 |
| 500 ## - GENERAL NOTE | |
| General note | Incluye índices. |
| 546 ## - LANGUAGE NOTE | |
| Language note | Texto latín y traducción en español. |
| 700 1# - ADDED ENTRY--PERSONAL NAME | |
| Personal name | Ramos-Lissón, Domingo, |
| Dates associated with a name | 1930- |
| 9 (RLIN) | 21025 |
| 740 32 - ADDED ENTRY--UNCONTROLLED RELATED/ANALYTICAL TITLE | |
| Uncontrolled related/analytical title | La educación de la virgen |
| 740 02 - ADDED ENTRY--UNCONTROLLED RELATED/ANALYTICAL TITLE | |
| Uncontrolled related/analytical title | Exhortación a la virginidad |
| 830 #0 - SERIES ADDED ENTRY--UNIFORM TITLE | |
| 9 (RLIN) | 39866 |
| Uniform title | Fuentes patrísticas ; |
| Volume number/sequential designation | 19 |
| 942 ## - ADDED ENTRY ELEMENTS (KOHA) | |
| Item type | Monografías |
| Withdrawn status | Lost status | Damaged status | Not for loan | Home library | Current library | Date acquired | Total Checkouts | Full call number | Barcode | Date last seen | Price effective from | Koha item type |
|---|---|---|---|---|---|---|---|---|---|---|---|---|
| Iglesia Nacional Española en Roma | Iglesia Nacional Española en Roma | 06/10/2017 | PAT 113.19 | 44549 | 06/10/2017 | 06/10/2017 | Monografías |